Normal view
MARC view
- Elements of Solid State Physics
Entry Topical Term
001 - CONTROL NUMBER
- control field: 69635
003 - CONTROL NUMBER IDENTIFIER
- control field: NUST
005 - DATE AND TIME OF LATEST TRANSACTION
- control field: 20210628204253.0
008 - FIXED-LENGTH DATA ELEMENTS
- fixed length control field: 210628|| aca||aabn | a|a d
040 ## - CATALOGING SOURCE
- Original cataloging agency: NUST
- Transcribing agency: NUST
150 ## - HEADING--TOPICAL TERM
- Topical term or geographic name entry element: Elements of Solid State Physics
670 ## - SOURCE DATA FOUND
- Source citation: Work cat.: (NUST): Srivastava, J.P. 69634, Element of solid state physics, 2016
